[Event "Dortmund Sparkassen op-B"]
[Site "Dortmund"]
[Date "2008.07.01"]
[Round "3"]
[White "Brand, Thomas2222"]
[Black "Monastyrjow, Witali"]
[Result "1/2-1/2"]
[WhiteElo "1660"]
[BlackElo "1502"]
[PlyCount "75"]
[EventDate "2008.06.30"]
[EventType "swiss"]
[EventRounds "9"]
[EventCountry "GER"]
[SourceTitle "EXT 2022"]
[Source "ChessBase"]
[SourceDate "2021.10.06"]
[SourceVersion "1"]
[SourceVersionDate "2021.10.06"]
[SourceQuality "1"]

1. e4 c5 2. Nf3 Nc6 3. d4 cxd4 4. Nxd4 Nf6 5. Nc3 e5 6. Nf3 Bb4 7. Bd2 Bxc3 8. Bxc3 Nxe4 9. Nxe5 Nxe5 10. Qd4 Nxc3 11. Qxe5+ Qe7 12. Qxe7+ Kxe7 13. bxc3 d5 14. 0-0-0 Be6 15. Kb2 Rac8 16. Be2 Rc5 17. Bf3 Rb5+ 18. Kc1 Rc8 19. Rhe1 Kf6 20. Re3 Ra5 21. Kb2 d4 22. Rxd4 Rxa2+ 23. Kc1 b6 24. Rf4+ Ke7 25. Bd5 Ra5 26. Rf5 Rcc5 27. Bxe6 fxe6 28. Rxc5 Rxc5 29. Kb2 Rf5 30. f3 Rd5 31. Kc1 a5 32. Re4 Rc5 33. Kb2 b5 34. Re1 Kd6 35. Ra1 a4 36. Re1 Re5 37. Rxe5 Kxe5 38. Ka3 1/2-1/2